000 00829nas a2200265 4500
001 BR2018001105
003 BR-BrBNA
005 20231205131332.0
007 ta
008 230509b bl.|||p| |||| 00| 00por d
040 _aBR-BrBNA
_bpor
_cBiblioteca Nacional de Agricultura
041 _a(En)
072 _aL53
100 1 _aGuilherme, E.
100 1 _aSouza, I.R. de
245 1 _aNestling development of the tropical screech-owl (Megascops choliba): a successful case report from the southwestern Amazon
650 _aREPRODUÇÃO ANIMAL
650 _aCORUJA DO MATO
650 _aNINHO
650 _aCRESCIMENTO
650 _aAMAZÔNIA
773 0 _tActa Amazônica (Brazil)
_xISSN 0044-5967
_g(Sep 2017), v. 47(3) p. 269-272
_wBR2018001105
909 _a202311
_bLúcia
_c55
_dLúcia Elande
942 _2AGRIS
_n0
_cANA
999 _c254255
_d254255